Music Quiz

Random Music or Bands Quiz

BANDS BY SONG Quiz Stats

 Plays Quiz not verified by Sporcle

Challenge
Share
Tweet
Restart - Restart - Vou cantarPowered by mp3skull.com 02. Garota Radical - CinePowered by mp3skull.com Hori - SegredoPowered by mp3skull.com Nx Zero - Nx Zero - So RezoPowered by mp3skull.com Thubirabirom_-_Parangole_-_Dj - Thubirabirom_-_Parangole_-_Dj NezioPowered by mp3skull.com Pixote - 44 Pixote_Franqueza (Ao Vivo)Powered by mp3skull.com Roupa Nova - Copy (2) of Roupa Nova - Os Corações Não São IguaisPowered by mp3skull.com New Kids On the Block - 1990 - Step By Step - 01 - Step By StepPowered by mp3skull.com NSYNC - Nsync - This I Promise YouPowered by mp3skull.com Adema - ImmortalPowered by mp3skull.com
Score 0/10 Timer 20:00
0 Plays Today
Número BANDA % Correct
9NSYNC
100%
8NEW KIDS ON THE BLOCK
60%
3HORI
40%
4NX ZERO
40%
7ROUPA NOVA
40%
10ADEMA
40%
1RESTART
20%
2CINE
20%
5PARANGOLÉ
20%
6PIXOTE
20%

You're not logged in!

Compare scores with friends on all Sporcle quizzes.
Join for Free
OR
Log In

You Might Also Like...

Show Comments

Extras

Top Quizzes Today


Score Distribution

Your Account Isn't Verified!

In order to create a playlist on Sporcle, you need to verify the email address you used during registration. Go to your Sporcle Settings to finish the process.

Report this User

Report this user for behavior that violates our Community Guidelines.

Details: